Normal view
MARC view
- Brands, H. W.
Entry Personal Name
001 - CONTROL NUMBER
- control field: 97274
003 - CONTROL NUMBER IDENTIFIER
- control field: NUST
005 - DATE AND TIME OF LATEST TRANSACTION
- control field: 20220815170511.0
008 - FIXED-LENGTH DATA ELEMENTS
- fixed length control field: 220815|| aca||aabn | a|a d
040 ## - CATALOGING SOURCE
- Original cataloging agency: NUST
- Transcribing agency: NUST
100 ## - HEADING--PERSONAL NAME
- Personal name: Brands, H. W.
670 ## - SOURCE DATA FOUND
- Source citation: Work cat.: (NUST)0: Brands, H. W., author., The zealot and the emancipator :
